00257nam a2200085Ia 4500008004100000100001900041245006700060260003600127300000800163201216s9999 xx 000 0 und d aDubrin, Andrew 0aFundamentals of Organization Behaviour: An applied perspective aEnglewood CliffsbPrentice Hall a499